[Event "Medellin Sub zt 2.3.2"]
[Site "Medellin"]
[Date "2025.04.17"]
[Round "6"]
[White "Araujo Sanchez, Josue"]
[Black "Elias Reyes, Jorge Roberto"]
[Result "0-1"]
[WhiteElo "2247"]
[BlackElo "2497"]
[PlyCount "39"]
[EventDate "2025.04.14"]
[EventType "swiss"]
[EventRounds "9"]
[EventCountry "COL"]
[SourceTitle "CB18_2025"]
[SourceDate "2025.04.30"]
[SourceVersion "1"]
[SourceVersionDate "2025.04.30"]
[SourceQuality "1"]

1. Nf3 Nf6 2. e3 d5 3. c4 e6 4. Nc3 c5 5. d4 cxd4 6. exd4 Bb4 7. Bd3 dxc4 8. Bxc4 0-0 9. 0-0 b6 10. Qe2 Bb7 11. Rd1 h6 12. Ne5 Nc6 13. Rd3 Nxd4 14. Qe3 Bc5 15. b4 Nc2 16. Qe2 Qc7 17. Nb5 Bxf2+ 18. Kf1 Qb8 19. Qxc2 Qxe5 20. Nd6 0-1

[Event "CUB-ch 61st"]
[Site "Ciego de Avila"]
[Date "2025.02.13"]
[Round "9"]
[White "Elias Reyes, Jorge Roberto"]
[Black "Perez Marimon, Jorge De Jesus"]
[Result "1-0"]
[WhiteElo "2489"]
[BlackElo "2342"]
[PlyCount "97"]
[EventDate "2025.02.05"]
[EventType "swiss"]
[EventRounds "10"]
[EventCountry "CUB"]
[SourceTitle "CB08_2025"]
[SourceDate "2025.02.19"]
[SourceVersion "1"]
[SourceVersionDate "2025.02.19"]
[SourceQuality "1"]

1. e4 c5 2. Nf3 d6 3. d4 cxd4 4. Nxd4 Nf6 5. Nc3 g6 6. Be3 Bg7 7. f3 0-0 8. Qd2 Nc6 9. 0-0-0 d5 10. Nxc6 bxc6 11. Bc4 Be6 12. exd5 Nxd5 13. Nxd5 cxd5 14. Bxd5 Rb8 15. Bb3 Qc8 16. Kb1 a5 17. Bd4 Rd8 18. Qe3 Qd7 19. Bxe6 Bxd4 20. Bxd7 Bxe3 21. c4 e6 22. Rhe1 Bf4 23. g3 Bc7 24. Ba4 Kf8 25. Rxd8+ Rxd8 26. Kc2 Ke7 27. a3 Bd6 28. Kc3 Rb8 29. Bb5 Ra8 30. Kb3 g5 31. Ka4 h5 32. Rc1 h4 33. gxh4 gxh4 34. Rc2 h3 35. c5 Bc7 36. Bf1 Rh8 37. b4 axb4 38. axb4 Rh4 39. Kb5 Be5 40. Re2 Rh5 41. Bxh3 Rxh3 42. Rxe5 Rxf3 43. Kb6 Rb3 44. b5 f5 45. c6 f4 46. c7 Rc3 47. Rc5 Rxc5 48. Kxc5 Kd7 49. Kb6 1-0

[Event "Capablanca Memorial op 57th"]
[Site "Havana"]
[Date "2024.05.11"]
[Round "9"]
[White "Diaz Perez, Michel Alejandro"]
[Black "Elias Reyes, Jorge Roberto"]
[Result "1/2-1/2"]
[WhiteElo "2464"]
[BlackElo "2477"]
[PlyCount "106"]
[EventDate "2024.05.03"]
[EventType "swiss"]
[EventRounds "10"]
[EventCountry "CUB"]
[SourceTitle "EXT 2025"]
[Source "ChessBase"]
[SourceDate "2024.10.14"]
[SourceVersion "1"]
[SourceVersionDate "2024.10.14"]
[SourceQuality "1"]

1. e4 c5 2. Nf3 e6 3. c3 Nf6 4. e5 Nd5 5. d4 cxd4 6. cxd4 d6 7. exd6 Bxd6 8. Nc3 Nxc3 9. bxc3 Qc7 10. Bd2 b6 11. Bd3 Nd7 12. 0-0 Bb7 13. Re1 0-0 14. c4 Rac8 15. a4 Bf4 16. Bb4 Rfd8 17. a5 Bxf3 18. Qxf3 Bxh2+ 19. Kh1 Bd6 20. axb6 axb6 21. Bd2 Nf8 22. Reb1 Be7 23. Be3 Bf6 24. Rd1 Ng6 25. Qe4 Qc6 26. Qxc6 Rxc6 27. Ra6 Ne7 28. d5 exd5 29. Bxb6 dxc4 30. Bxd8 Rxa6 31. Bxc4 Ra4 32. Bb3 Rh4+ 33. Kg1 Ng6 34. Bxf6 gxf6 35. Rd7 Ne5 36. Rb7 Rd4 37. g3 Rd2 38. f4 Nd7 39. Kf1 Kg7 40. Ke1 Rd6 41. Ba2 Rd3 42. Ke2 Rxg3 43. Bd5 Nc5 44. Rxf7+ Kg6 45. Rc7 Rc3 46. Bg8 Kf5 47. Bxh7+ Kxf4 48. Rc6 f5 49. Rf6 Rc2+ 50. Kd1 Rd2+ 51. Kc1 Rd5 52. Rxf5+ Rxf5 53. Bxf5 Kxf5 1/2-1/2

[Event "Capablanca Memorial op 57th"]
[Site "Havana"]
[Date "2024.05.10"]
[Round "8"]
[White "Elias Reyes, Jorge Roberto"]
[Black "Cuenca Jimenez, Jose Fernando"]
[Result "1-0"]
[WhiteElo "2477"]
[BlackElo "2500"]
[PlyCount "75"]
[EventDate "2024.05.03"]
[EventType "swiss"]
[EventRounds "10"]
[EventCountry "CUB"]
[SourceTitle "EXT 2025"]
[Source "ChessBase"]
[SourceDate "2024.10.14"]
[SourceVersion "1"]
[SourceVersionDate "2024.10.14"]
[SourceQuality "1"]

1. e4 e5 2. Nf3 Nc6 3. Bc4 Bc5 4. c3 Nf6 5. d3 d6 6. Bg5 h6 7. Bh4 Qe7 8. Nbd2 a5 9. a4 g5 10. Bg3 Bd7 11. 0-0 Ba7 12. Re1 0-0-0 13. b4 axb4 14. cxb4 g4 15. b5 Na5 16. Nh4 Bb6 17. Ba2 Nh5 18. Nf1 Nxg3 19. hxg3 h5 20. Qd2 Qf6 21. Ne3 Be6 22. Nd5 Bxd5 23. Bxd5 Rdf8 24. Rac1 Kb8 25. Rc2 Rc8 26. Rec1 Rh7 27. Kh2 Qe7 28. Qb4 Rhh8 29. Rh1 Rh7 30. Nf5 Qf6 31. Nh4 Qe7 32. Kg1 Qf6 33. Kf1 Rg8 34. Ke1 Rg5 35. Nf5 Rxf5 36. exf5 e4 37. Qc3 Qxf5 38. Bxe4 1-0

[Event "Capablanca Memorial op 57th"]
[Site "Havana"]
[Date "2024.05.04"]
[Round "2"]
[White "Elias Reyes, Jorge Roberto"]
[Black "Garcia Fuentes, Sergio Miguel"]
[Result "1-0"]
[WhiteElo "2477"]
[BlackElo "2138"]
[PlyCount "139"]
[EventDate "2024.05.03"]
[EventType "swiss"]
[EventRounds "10"]
[EventCountry "CUB"]
[SourceTitle "EXT 2025"]
[Source "ChessBase"]
[SourceDate "2024.10.14"]
[SourceVersion "1"]
[SourceVersionDate "2024.10.14"]
[SourceQuality "1"]

1. e4 e5 2. Nf3 Nf6 3. d4 Nxe4 4. Bd3 d5 5. Nxe5 Nd7 6. Nc3 Nxe5 7. dxe5 Nc5 8. Nxd5 Nxd3+ 9. Qxd3 c6 10. Nc3 Qxd3 11. cxd3 Bf5 12. d4 Bb4 13. Be3 Rd8 14. 0-0 Bxc3 15. bxc3 b5 16. a4 a6 17. axb5 axb5 18. Bg5 Rc8 19. Ra7 0-0 20. Be7 Ra8 21. Rfa1 Rxa7 22. Rxa7 Rc8 23. f3 h5 24. h3 Be6 25. Kf2 Kh7 26. g4 Kg6 27. Kg3 hxg4 28. hxg4 f5 29. exf6 gxf6 30. f4 f5 31. g5 Rh8 32. Rc7 Bd5 33. Rd7 Rh1 34. Bf8 Rg1+ 35. Kf2 Rg2+ 36. Ke3 Rg3+ 37. Kd2 Rg2+ 38. Kc1 Kh5 39. Re7 Kg4 40. g6 Kxf4 41. Bh6+ Kg4 42. g7 Kh4 43. Bf4 Rg4 44. Be5 f4 45. Re8 Rg6 46. Kd2 Kg4 47. Rf8 f3 48. Ke3 Kg5 49. Kf2 Kg4 50. Ke3 Kg5 51. Rf4 Kh5 52. Kd3 Rg2 53. Rf5+ Kh6 54. Ke3 Re2+ 55. Kf4 Rg2 56. Rf8 Rxg7 57. Bxg7+ Kxg7 58. Rf5 Kg6 59. Rg5+ Kf6 60. Rxd5 cxd5 61. Kxf3 Kf5 62. Ke3 Ke6 63. Ke2 Kf6 64. Kf2 Kg6 65. Ke3 Kf5 66. Kf3 Kg5 67. Ke2 Kf5 68. Ke3 Kg5 69. Kd3 Kf5 70. Kc2 1-0

[Event "Capablanca Memorial op 57th"]
[Site "Havana"]
[Date "2024.05.03"]
[Round "1"]
[White "Gallestey Calvo, Ariel"]
[Black "Elias Reyes, Jorge Roberto"]
[Result "1/2-1/2"]
[WhiteElo "2099"]
[BlackElo "2477"]
[PlyCount "93"]
[EventDate "2024.05.03"]
[EventType "swiss"]
[EventRounds "10"]
[EventCountry "CUB"]
[SourceTitle "EXT 2025"]
[Source "ChessBase"]
[SourceDate "2024.10.14"]
[SourceVersion "1"]
[SourceVersionDate "2024.10.14"]
[SourceQuality "1"]

1. d4 d5 2. c4 e6 3. Nc3 Nf6 4. Nf3 a6 5. cxd5 exd5 6. Bg5 Be6 7. e3 Nbd7 8. Bd3 c6 9. 0-0 h6 10. Bxf6 Nxf6 11. Ne5 Bd6 12. f4 Qe7 13. a3 0-0 14. Qf3 Rfe8 15. h3 Nh7 16. Rf2 Nf8 17. Re2 f6 18. Ng6 Nxg6 19. Bxg6 Bf7 20. Bxf7+ Qxf7 21. Rae1 Rad8 22. g3 Qg6 23. e4 dxe4 24. Rxe4 Rxe4 25. Rxe4 Bb8 26. Ne2 Ba7 27. f5 Qf7 28. Kg2 Rd7 29. g4 Bb8 30. Nf4 Bxf4 31. Qxf4 Qd5 32. Qf3 a5 33. Kg3 a4 34. Qe3 Kh7 35. Kh4 Qa2 36. Qe2 Qb3 37. Re3 Qd5 38. Re4 Qa2 39. Kh5 Qb3 40. Kh4 b6 41. Re3 Qd5 42. Re4 Qb3 43. Re3 Qa2 44. Re4 Qd5 45. Qe3 b5 46. Re8 Qf7 47. Re6 1/2-1/2